| 000 | 00907 a2200205 4500 | ||
|---|---|---|---|
| 003 | Nust | ||
| 005 | 20220722120959.0 | ||
| 010 | _a 78054572 | ||
| 020 | _a0521222419 | ||
| 040 | _cNust | ||
| 082 | 0 | 0 | _a004.16,MIC |
| 245 | 0 | 4 |
_aThe Microprocessor and its application : _ban advanced course / _ceditor and course director D. Aspinall ; main contributors, W. A. Clark ... [et al.]. |
| 260 |
_aCambridge ; _aNew York : _bCambridge University Press, _c1978. |
||
| 300 |
_axviii, 383 p. ; _bill. ; _c24 cm. |
||
| 505 | _aHardware Components (Page-1), Software Techniques (Page-85), Management Of Microprocessor Application Projects (Page-149), Design Exercise (Page-187), Micro Programmable Microprocessors (Page-219), Future Developments (Page-295). | ||
| 650 | 0 |
_aMicroprocessors. _918075 |
|
| 700 | 1 |
_aAspinall, D. _994559 |
|
| 700 | 1 |
_aClark, William Allan, _d1919- _994560 |
|
| 942 |
_2ddc _cBK _k004.16,MIC |
||
| 999 |
_c176184 _d176184 |
||